LEADER 01134nam2-2200349---450- 001 990001641860203316 005 20091204093330.0 035 $a000164186 035 $aUSA01000164186 035 $a(ALEPH)000164186USA01 035 $a000164186 100 $a20040507d1986----km-y0itay50------ba 101 0 $aeng 102 $aDE 105 $ay|||f|||001yy 200 1 $a<> Fundamental approaches$fGerhard Kegel 210 $aTübingen$cMohr$aDordrecht [etc.]$cNijhoff$d1986 215 $a77 p.$d27 cm 461 0$1001000148930$12001$aInternational encyclopedia of comparative law 462 0$1001000164172$12001$a<> Private international law 700 1$aKEGEL,$bGerhard$0248584 801 0$aIT$bsalbc$gISBD 912 $a990001641860203316 951 $aXXIX.1.B. 30 3.3$b65454 G.$cXXIX.1.B.$d00261083 959 $aBK 969 $aGIU 979 $aSIAVER1$b90$c20040507$lUSA01$h1426 979 $aSIAVER1$b90$c20040507$lUSA01$h1436 979 $aANNAMARIA$b90$c20091201$lUSA01$h1149 979 $aANNAMARIA$b90$c20091204$lUSA01$h0933 996 $aFundamental approaches$9943168 997 $aUNISA LEADER 01635nam 2200397 a 450 001 9910695900903321 005 20070502095431.0 035 $a(CKB)5470000002372777 035 $a(OCoLC)123912452 035 $a(EXLCZ)995470000002372777 100 $a20070502d2007 ua 0 101 0 $aeng 135 $aurmn||||||||| 181 $ctxt$2rdacontent 182 $cc$2rdamedia 183 $acr$2rdacarrier 200 10$aAviation safety$b[electronic resource] $eimproved data collection needed for effective oversight of air ambulance industry : report to the Chairman, Subcommittee on Aviation, Committee on Transportation and Infrastructure, House of Representatives 210 1$a[Washington, D.C.] :$cU.S. Govt. Accountability Office,$d[2007] 215 $aii, 61 pages $cdigital, PDF file 300 $aTitle from title screen (viewed on Apr. 18, 2007). 300 $a"February 2007." 300 $aPaper version available from: U.S. Govt. Accountability Office, 441 G St., NW, Rm. LM, Washington, D.C. 20548. 300 $a"GAO-07-353." 320 $aIncludes bibliographical references. 517 $aAviation safety 606 $aAirplane ambulances$xSafety measures 606 $aAirplane ambulances$xAccidents$xPrevention 615 0$aAirplane ambulances$xSafety measures. 615 0$aAirplane ambulances$xAccidents$xPrevention. 712 02$aUnited States.$bCongress.$bHouse.$bCommittee on Transportation and Infrastructure.$bSubcommittee on Aviation. 801 0$bGPO 801 1$bGPO 906 $aBOOK 912 $a9910695900903321 996 $aAviation safety$92313029 997 $aUNINA